书目信息 |
| 题名: |
大学英语分级计时阅读
|
|
| 作者: | 李鹏飞 丛书主编 ;王立华 , 朱莉莉 本册主编 | |
| 分册: | 3级 | |
| 出版信息: | 北京 外文出版社 2005.01 |
|
| 页数: | 363页 | |
| 开本: | 20cm | |
| 丛书名: | ||
| 单 册: | ||
| 中图分类: | H319.4 | |
| 科图分类: | ||
| 主题词: | 英语--ying yu--阅读教学--高等学校--自学参考资料 | |
| 电子资源: | ||
| ISBN: | 7-119-03933-4 | |
| 000 | 00959nam0 2200253 450 | |
| 001 | 012006413449 | |
| 005 | 20060308143428.25 | |
| 010 | @a7-119-03933-4@dCNY16.00 | |
| 100 | @a20060308d2005 km y0chiy0120 ea | |
| 101 | 0 | @achi@aeng |
| 102 | @aCN@b110000 | |
| 105 | @ay z 000yy | |
| 200 | 1 | @a大学英语分级计时阅读@Ada xue ying yu fen ji ji shi yue du@i3级@f李鹏飞丛书主编@Fli peng fei cong shu zhu bian@g王立华, 朱莉莉本册主编@Gwang li hua,zhu li li ben ce zhu bian |
| 210 | @a北京@c外文出版社@d2005.01 | |
| 215 | @a363页@d20cm | |
| 330 | @a本阅读教材与普通高校大学本科生二年级一学期的英语水平相当,其目标是通过四六级考试的三级考试,共有文章50篇。 | |
| 517 | 1 | @a3级@A3 ji |
| 606 | 0 | @a英语@Aying yu@x阅读教学@x高等学校@x自学参考资料 |
| 690 | @aH319.4@v4 | |
| 701 | 0 | @a李鹏飞@Ali peng fei@4丛书主编 |
| 702 | 0 | @a王立华@Awang li hua@4本册主编 |
| 702 | 0 | @a朱莉莉@Azhu li li@4本册主编 |
| 801 | 0 | @aCN@bQSSK@c20060308 |
| 905 | @a10447@dH319.4@eL221 | |
| 大学英语分级计时阅读.3级/李鹏飞丛书主编/王立华, 朱莉莉本册主编.-北京:外文出版社,2005.01 |
| 363页;20cm |
| ISBN 7-119-03933-4:CNY16.00 |
| 本阅读教材与普通高校大学本科生二年级一学期的英语水平相当,其目标是通过四六级考试的三级考试,共有文章50篇。 |
| ● |
| 相关链接 |
|
|
|
正题名:大学英语分级计时阅读
索取号:H319.4/L221
 
预约/预借
| 序号 | 登录号 | 条形码 | 馆藏地/架位号 | 状态 | 备注 |
| 1 | 555088 | 205550884 | 语言库209/209语言库 46排6列4层/ [索取号:H319.4/L221] | 在馆 | |
| 2 | 555089 | 205550893 | 语言库209/209语言库 46排6列4层/ [索取号:H319.4/L221] | 在馆 | |
| 3 | 555090 | 205550900 | 社科二线400B/400B社科库 12排3列4层/ [索取号:H319.4/L221] | 在馆 | |
| 4 | 555091 | 205550919 | 语言库209/209语言库 46排6列4层/ [索取号:H319.4/L221] | 在馆 | |
| 5 | 555092 | 205550928 | 语言库209/209语言库 46排6列4层/ [索取号:H319.4/L221] | 在馆 |